[Event "Pierrevert op 5th"]
[Site "Pierrevert"]
[Date "2007.04.20"]
[Round "9"]
[White "Kuttruf, Andrei"]
[Black "Jean, Olivier"]
[Result "1-0"]
[WhiteElo "2013"]
[BlackElo "2220"]
[PlyCount "104"]
[EventDate "2007.04.15"]
[EventType "swiss"]
[EventRounds "9"]
[EventCountry "FRA"]
[SourceTitle "CBM 118 Extra"]
[Source "ChessBase"]
[SourceDate "2007.07.04"]
[SourceVersion "1"]
[SourceVersionDate "2007.07.04"]
[SourceQuality "1"]

1. d4 Nf6 2. Nf3 g6 3. c4 Bg7 4. Nc3 0-0 5. e4 d6 6. Be2 e5 7. d5 a5 8. Bg5 h6 9. Bh4 Na6 10. Nd2 Qe8 11. a3 Bd7 12. 0-0 a4 13. Kh1 Nc5 14. f3 Nh7 15. b4 axb3 16. Nxb3 Na4 17. Nb5 Qc8 18. c5 dxc5 19. Be7 b6 20. Bxf8 Bxf8 21. Nd2 h5 22. Qb3 Ra5 23. Nb1 h4 24. Bc4 Kg7 25. Ra2 Nf6 26. Raf2 Nh5 27. f4 exf4 28. Rxf4 Nxf4 29. Rxf4 Qe8 30. Nxc7 Qe5 31. Qf3 f6 32. d6 Bxd6 33. Nd5 g5 34. Nxf6 gxf4 35. Nxd7 Qg5 36. Nd2 Ra7 37. Bb5 Be5 38. Nxe5 Qxe5 39. Qg4+ Kf7 40. Bc4+ Ke7 41. Qxh4+ Kd7 42. Qh7+ Qe7 43. Qf5+ Kd8 44. Qxf4 Rc7 45. Qg3 Nb2 46. Bb5 Kc8 47. Ba6+ Kb8 48. Qb3 Qf6 49. e5 Qxe5 50. Qxb6+ Ka8 51. Nf3 Qg7 52. Bb5 Nd3 1-0

[Event "Pierrevert op 5th"]
[Site "Pierrevert"]
[Date "2007.04.16"]
[Round "3"]
[White "Kuttruf, Andrei"]
[Black "Rey, Christophe"]
[Result "0-1"]
[WhiteElo "2013"]
[BlackElo "2007"]
[PlyCount "104"]
[EventDate "2007.04.15"]
[EventType "swiss"]
[EventRounds "9"]
[EventCountry "FRA"]
[SourceTitle "CBM 118 Extra"]
[Source "ChessBase"]
[SourceDate "2007.07.04"]
[SourceVersion "1"]
[SourceVersionDate "2007.07.04"]
[SourceQuality "1"]

1. d4 d5 2. Nf3 Nf6 3. c4 c6 4. e3 e6 5. Nbd2 Nbd7 6. b3 Bd6 7. Bb2 0-0 8. Bd3 Re8 9. Ne5 Nf8 10. 0-0 N6d7 11. Qh5 Qe7 12. f4 f6 13. Ng4 f5 14. Ne5 Nf6 15. Qh3 N8d7 16. Ndf3 Ne4 17. g4 g6 18. Kh1 Ndf6 19. gxf5 exf5 20. Rae1 a5 21. Re2 Be6 22. Rg1 Ng4 23. Qg2 Nxe5 24. dxe5 Bc5 25. Bxe4 dxe4 26. Ng5 a4 27. h4 Qg7 28. Qg3 Rad8 29. h5 Rd3 30. bxa4 h6 31. Nxe6 Rxe6 32. hxg6 Qd7 33. Bc1 Kg7 34. Qh3 Rd1 35. Reg2 Rxg1+ 36. Rxg1 Rxg6 37. Re1 Rg4 38. Rg1 Rxg1+ 39. Kxg1 Qd1+ 40. Qf1 Qxf1+ 41. Kxf1 Kg6 42. Kg2 Be7 43. Kh3 Kf7 44. Bb2 Ke6 45. Bd4 Kf7 46. a5 Bb4 47. c5 Bxa5 48. Kh4 Kg6 49. e6 Bd8+ 50. Kg3 Bf6 51. Be5 Be7 52. Bd4 Kh7 0-1

[Event "Stuttgart-chA int"]
[Site "Ditzingen"]
[Date "2006.05.27"]
[Round "5"]
[White "Kuttruf, Andrei"]
[Black "Steinhart, Matthias"]
[Result "1-0"]
[WhiteElo "2050"]
[BlackElo "1887"]
[PlyCount "79"]
[EventDate "2006.05.25"]
[EventType "swiss"]
[EventRounds "7"]
[EventCountry "GER"]
[SourceTitle "EXT 2018"]
[Source "ChessBase"]
[SourceDate "2017.10.13"]
[SourceVersion "1"]
[SourceVersionDate "2017.10.13"]
[SourceQuality "1"]

1. d4 d5 2. Nf3 Nc6 3. c4 Bg4 4. e3 e5 5. dxe5 d4 6. Qa4 Bxf3 7. gxf3 Bb4+ 8. Bd2 Bxd2+ 9. Nxd2 dxe3 10. fxe3 Qh4+ 11. Ke2 0-0-0 12. Ne4 Kb8 13. Qb5 a6 14. Qb3 Nxe5 15. Rc1 Qh5 16. Bg2 Qh6 17. Rhd1 Ne7 18. f4 Qh5+ 19. Kf1 Rxd1+ 20. Rxd1 Nxc4 21. Rd3 Qb5 22. Qxb5 axb5 23. b3 Na5 24. Nc3 b4 25. Nd5 Nec6 26. e4 Rd8 27. Rg3 g6 28. h4 b6 29. h5 Nb7 30. hxg6 hxg6 31. Rh3 Nd6 32. Rh7 Rf8 33. e5 Nb5 34. Nf6 Kc8 35. Bxc6 Nc3 36. Nd7 Rd8 37. Rxf7 Nxa2 38. e6 Nc1 39. Bd5 Rh8 40. Nf6 1-0

[Event "Stuttgart-chA int"]
[Site "Ditzingen"]
[Date "2006.05.26"]
[Round "4"]
[White "Schaefer, Alexander1"]
[Black "Kuttruf, Andrei"]
[Result "1-0"]
[WhiteElo "1952"]
[BlackElo "2050"]
[PlyCount "87"]
[EventDate "2006.05.25"]
[EventType "swiss"]
[EventRounds "7"]
[EventCountry "GER"]
[SourceTitle "EXT 2018"]
[Source "ChessBase"]
[SourceDate "2017.10.13"]
[SourceVersion "1"]
[SourceVersionDate "2017.10.13"]
[SourceQuality "1"]

1. e4 c6 2. d4 d5 3. Nc3 g6 4. e5 Bg7 5. Be3 a6 6. Qd2 Bf5 7. h3 h5 8. 0-0-0 Nd7 9. Bd3 Bxd3 10. Qxd3 e6 11. f4 Nh6 12. g3 Nf5 13. Bf2 b5 14. Nf3 b4 15. Na4 Qa5 16. b3 Bh6 17. Kb1 Nb6 18. Nc5 Qb5 19. Qxb5 axb5 20. g4 Ne7 21. Nd3 Nd7 22. Be1 c5 23. dxc5 Nc6 24. Bf2 Ra7 25. Nd4 Nxd4 26. Bxd4 Rc7 27. f5 Bf8 28. fxe6 fxe6 29. Nf4 Rc6 30. Nxg6 Rh6 31. Nxf8 Kxf8 32. Rdf1+ Ke7 33. g5 Rg6 34. h4 Nxc5 35. Bxc5+ Rxc5 36. Rf4 d4 37. Rxd4 Rxe5 38. Rhd1 Rg7 39. Rxb4 Kf7 40. Rf4+ Ke7 41. a4 bxa4 42. Rxa4 Kf7 43. Rf1+ Rf5 44. Rxf5+ 1-0

[Event "Ditzingen op-A"]
[Site "Ditzingen"]
[Date "2006.05.25"]
[Round "1.6"]
[White "Kuttruf, Andrei"]
[Black "Mutschnik, Illya"]
[Result "0-1"]
[WhiteElo "2050"]
[BlackElo "2426"]
[PlyCount "62"]
[EventDate "2006.05.25"]
[EventType "swiss"]
[EventRounds "7"]
[EventCountry "GER"]
[SourceTitle "CBM 112 Extra"]
[Source "ChessBase"]
[SourceDate "2006.07.14"]
[SourceVersion "1"]
[SourceVersionDate "2006.07.14"]
[SourceQuality "1"]

1. d4 Nf6 2. Nf3 g6 3. c4 Bg7 4. Nc3 0-0 5. e4 d6 6. Be2 e5 7. d5 Na6 8. Bg5 h6 9. Bh4 Qe8 10. Nd2 Nh7 11. f3 f5 12. 0-0 h5 13. Kh1 Bh6 14. Bf2 Bxd2 15. Qxd2 f4 16. Rab1 g5 17. b4 Qg6 18. c5 g4 19. Rfc1 g3 20. Bg1 Kh8 21. Nb5 Rg8 22. Bf1 gxh2 23. Bxh2 h4 24. cxd6 cxd6 25. Qf2 Qh6 26. Nxa7 Bd7 27. Qb6 h3 28. Qxb7 hxg2+ 29. Bxg2 Rxg2 30. Qxa8+ Rg8 31. Qb7 Qh3 0-1

[Event "Kostrena op"]
[Site "Kostrena"]
[Date "2004.08.30"]
[Round "5"]
[White "Pahor, Andrea"]
[Black "Kuttruf, Andrei"]
[Result "1/2-1/2"]
[WhiteElo "2063"]
[BlackElo "2002"]
[PlyCount "80"]
[EventDate "2004.08.26"]
[EventType "swiss"]
[EventRounds "9"]
[EventCountry "CRO"]
[SourceTitle "CBM 102 Extra"]
[Source "ChessBase"]
[SourceDate "2004.11.03"]
[SourceVersion "1"]
[SourceVersionDate "2004.11.03"]
[SourceQuality "1"]

1. Nf3 Nf6 2. c4 c5 3. g3 b6 4. Bg2 Bb7 5. 0-0 e6 6. Nc3 Be7 7. d4 cxd4 8. Qxd4 d6 9. Bg5 a6 10. Rad1 Nbd7 11. Rfe1 Qc7 12. b3 Rc8 13. Rc1 Qb8 14. h3 0-0 15. Red1 Rfe8 16. Bxf6 gxf6 17. Qg4+ Kh8 18. Qh5 Kg7 19. Rd4 Nf8 20. Rh4 Rc5 21. Qh6+ Kh8 22. b4 Rc7 23. Rd1 Qd8 24. Rdd4 f5 25. Rh5 Bxf3 26. Bxf3 Bf6 27. Rd3 Rxc4 28. Nd1 d5 29. a3 Bg7 30. Qd2 Ng6 31. Ne3 Rc7 32. Nxd5 exd5 33. Rxd5 Qc8 34. Rdxf5 Rc2 35. Qd6 Re6 36. Qd3 Rc3 37. Qd2 Rc2 38. Qd3 Rc3 39. Qd2 Rc2 40. Qd3 Rc3 1/2-1/2

[Event "Kostrena op"]
[Site "Kostrena"]
[Date "2004.08.28"]
[Round "3"]
[White "Muslija, Idris"]
[Black "Kuttruf, Andrei"]
[Result "1-0"]
[WhiteElo "2204"]
[BlackElo "2002"]
[PlyCount "75"]
[EventDate "2004.08.26"]
[EventType "swiss"]
[EventRounds "9"]
[EventCountry "CRO"]
[SourceTitle "CBM 102 Extra"]
[Source "ChessBase"]
[SourceDate "2004.11.03"]
[SourceVersion "1"]
[SourceVersionDate "2004.11.03"]
[SourceQuality "1"]

1. Nf3 Nf6 2. d4 c5 3. d5 d6 4. Nc3 e5 5. e4 Be7 6. Nd2 0-0 7. Be2 Ne8 8. 0-0 Nd7 9. a4 g6 10. Nc4 Ng7 11. a5 Re8 12. f4 Bf8 13. Nb5 exf4 14. Nbxd6 g5 15. g3 Ne5 16. Nxe8 Qxe8 17. Nxe5 Qxe5 18. gxf4 Qxe4 19. Bf3 Qg6 20. fxg5 c4 21. Ra4 Bh3 22. Re1 Bc5+ 23. Kh1 Qf5 24. Rxc4 Bd6 25. Qd3 Qd7 26. Rh4 Bf5 27. Be4 Re8 28. Rf1 Bxe4+ 29. Rxe4 Rxe4 30. Qxe4 Qh3 31. Qg2 Qh4 32. Qf2 Qh5 33. Bf4 Be7 34. Qxa7 Qe2 35. Qf2 Qe4+ 36. Qf3 Qg6 37. d6 Bd8 38. Qxb7 1-0

[Event "Wuertemberg-ch U18"]
[Site "Germany"]
[Date "2004.04.17"]
[Round "7"]
[White "Kuttruf, Andrei"]
[Black "Metko, Roland"]
[Result "1/2-1/2"]
[WhiteElo "1669"]
[BlackElo "1475"]
[PlyCount "120"]
[EventDate "2004.04.??"]
[EventType "swiss"]
[EventRounds "7"]
[EventCountry "GER"]
[SourceTitle "EXT 2005"]
[Source "ChessBase"]
[SourceDate "2004.11.15"]
[SourceVersion "1"]
[SourceVersionDate "2004.11.15"]
[SourceQuality "1"]

1. c4 Nf6 2. g3 c6 3. Bg2 d5 4. Nf3 Bf5 5. cxd5 cxd5 6. Qb3 Qc7 7. Nc3 e6 8. 0-0 Bd6 9. Nb5 Qb6 10. Nxd6+ Qxd6 11. Qxb7 Qc6 12. Qxc6+ Nxc6 13. b3 0-0 14. Ba3 Rfd8 15. Rac1 Rac8 16. d3 e5 17. Rc5 e4 18. Nh4 Be6 19. Rfc1 Nd4 20. Rxc8 Bxc8 21. Bf1 Bg4 22. e3 exd3 23. Bxd3 Be2 24. Bxh7+ Kxh7 25. exd4 a6 26. Be7 Rd7 27. Bxf6 gxf6 28. Ng2 Bd3 29. Nf4 Be4 30. Rc6 Re7 31. Ng2 Bb1 32. a3 Re4 33. Rxf6 Rxd4 34. Ne3 Rd3 35. Rxf7+ Kh8 36. Rf8+ Kg7 37. Rd8 Rxb3 38. Rxd5 Be4 39. Rd1 Rxa3 40. Nc4 Ra4 41. Nd6 Bf3 42. Rb1 Kg6 43. h3 Rd4 44. Nb7 Rd5 45. h4 a5 46. g4 Bxg4 47. Ra1 Rd1+ 48. Rxd1 Bxd1 49. Nxa5 Kh5 50. Nc4 Kxh4 51. Kg2 Kg5 52. Kg3 Be2 53. Ne3 Bd3 54. f4+ Kf6 55. Kf3 Bb1 56. Nd5+ Ke6 57. Nc3 Bc2 58. Ke3 Bh7 59. Kd4 Bc2 60. Nd5 Kd6 1/2-1/2

[Event "Wuertemberg-ch U18"]
[Site "Germany"]
[Date "2004.04.16"]
[Round "6"]
[White "Buschle, Benedikt"]
[Black "Kuttruf, Andrei"]
[Result "1-0"]
[WhiteElo "1885"]
[BlackElo "1669"]
[PlyCount "59"]
[EventDate "2004.04.??"]
[EventType "swiss"]
[EventRounds "7"]
[EventCountry "GER"]
[SourceTitle "EXT 2005"]
[Source "ChessBase"]
[SourceDate "2004.11.15"]
[SourceVersion "1"]
[SourceVersionDate "2004.11.15"]
[SourceQuality "1"]

1. e4 c5 2. Nf3 e6 3. d4 cxd4 4. Nxd4 a6 5. Nc3 Qc7 6. Be2 Nf6 7. 0-0 d6 8. Be3 b5 9. a3 Bb7 10. Bd3 Nbd7 11. g4 Nc5 12. f3 h6 13. Rc1 Be7 14. Qe1 Rc8 15. Qg3 g5 16. Nce2 h5 17. h3 hxg4 18. hxg4 Kd7 19. b4 Na4 20. c4 bxc4 21. Bxc4 Qd8 22. b5 Nc5 23. Nc3 Rh7 24. bxa6 Nxa6 25. Bb5+ Kc7 26. Nd5+ Kb8 27. Bxa6 exd5 28. Rb1 Rc7 29. Rxb7+ Ka8 30. Rfb1 1-0

[Event "Wuertemberg-ch U18"]
[Site "Germany"]
[Date "2004.04.14"]
[Round "3"]
[White "Jovalekic, Oliver"]
[Black "Kuttruf, Andrei"]
[Result "1-0"]
[WhiteElo "2083"]
[BlackElo "1669"]
[PlyCount "49"]
[EventDate "2004.04.??"]
[EventType "swiss"]
[EventRounds "7"]
[EventCountry "GER"]
[SourceTitle "EXT 2005"]
[Source "ChessBase"]
[SourceDate "2004.11.15"]
[SourceVersion "1"]
[SourceVersionDate "2004.11.15"]
[SourceQuality "1"]

1. e4 c5 2. Nf3 e6 3. b3 b6 4. d4 cxd4 5. Nxd4 Bb7 6. Nb5 d6 7. Ba3 Nd7 8. Bxd6 Rc8 9. Bxf8 Kxf8 10. Nd6 Rc7 11. Nxb7 Rxb7 12. Bb5 Qe7 13. 0-0 Ngf6 14. Qe2 g6 15. e5 Ne8 16. Nd2 Kg7 17. Rad1 Nb8 18. Ne4 Rc7 19. Nd6 Nc6 20. Qe4 Nb8 21. Nxe8+ Rxe8 22. Bxe8 Qxe8 23. Rd6 Nd7 24. Rfd1 h6 25. Qa4 1-0

[Event "Wuertemberg-ch U18"]
[Site "Germany"]
[Date "2004.04.13"]
[Round "1"]
[White "Kuttruf, Andrei"]
[Black "Ostertag, Stephan"]
[Result "1/2-1/2"]
[WhiteElo "1669"]
[BlackElo "1066"]
[PlyCount "92"]
[EventDate "2004.04.??"]
[EventType "swiss"]
[EventRounds "7"]
[EventCountry "GER"]
[SourceTitle "EXT 2005"]
[Source "ChessBase"]
[SourceDate "2004.11.15"]
[SourceVersion "1"]
[SourceVersionDate "2004.11.15"]
[SourceQuality "1"]

1. c4 Nc6 2. g3 e6 3. Bg2 d5 4. Nf3 Bc5 5. 0-0 Nge7 6. d4 Bb6 7. c5 Ba5 8. a3 0-0 9. b4 Bxb4 10. axb4 Nxb4 11. Qb3 Nbc6 12. Nc3 b6 13. Na4 Bd7 14. Bd2 Qb8 15. Rfb1 Qb7 16. Nc3 Rfb8 17. Bf4 Ng6 18. e4 Nxf4 19. gxf4 dxe4 20. Nxe4 Rd8 21. Qc2 Be8 22. Rd1 Nb4 23. Qb1 Nd5 24. Nfg5 Bc6 25. Ng3 g6 26. Ra3 Nxf4 27. Bxc6 Qxc6 28. Rf3 Nh3+ 29. Nxh3 Qxf3 30. Ng5 Qf4 31. N5e4 Rd5 32. Qa1 h5 33. Nc3 Rxd4 34. Nce2 Rxd1+ 35. Qxd1 Qf6 36. Ne4 Qd8 37. Qa1 Kf8 38. Qh8+ Ke7 39. Qf6+ Ke8 40. Qg7 Qd1+ 41. Kg2 Qxe2 42. Qg8+ Ke7 43. Qxa8 Qg4+ 44. Kf1 Qd1+ 45. Kg2 Qg4+ 46. Kf1 Qd1+ 1/2-1/2

[Event "Wuerttemberg-ch U18"]
[Site "Stuttgart"]
[Date "2003.04.23"]
[Round "2"]
[White "Dinger, Florian"]
[Black "Kuttruf, Andrei"]
[Result "1-0"]
[WhiteElo "1717"]
[BlackElo "1462"]
[PlyCount "99"]
[EventDate "2003.04.??"]
[EventType "swiss"]
[EventRounds "7"]
[EventCountry "GER"]
[SourceTitle "EXT 2005"]
[Source "ChessBase"]
[SourceDate "2004.11.15"]
[SourceVersion "1"]
[SourceVersionDate "2004.11.15"]
[SourceQuality "1"]

1. e4 c5 2. Nf3 d6 3. d4 cxd4 4. Nxd4 Nf6 5. Nc3 a6 6. Be2 e6 7. Be3 Be7 8. 0-0 Qc7 9. Nb3 Nbd7 10. f4 b6 11. Bf3 Bb7 12. Qd2 Rc8 13. Rac1 Qb8 14. g4 Nc5 15. Nxc5 dxc5 16. g5 Rd8 17. Qg2 Nd7 18. h4 0-0 19. Kf2 c4 20. e5 Bxf3 21. Qxf3 Bc5 22. Ne4 Be7 23. Rg1 b5 24. Qh5 Nxe5 25. Nf6+ Bxf6 26. gxf6 Ng6 27. fxg7 Rfe8 28. Qg5 Rd5 29. Qg4 h5 30. Qf3 Rf5 31. Rg5 Qd8 32. Rxh5 Rxh5 33. Qxh5 Qxh4+ 34. Qxh4 Nxh4 35. Rh1 Ng6 36. Bd4 f6 37. Bxf6 Kf7 38. Rh8 Rg8 39. Ke3 Nxh8 40. gxh8Q Rxh8 41. Bxh8 Ke7 42. Kd4 Kd6 43. b3 cxb3 44. cxb3 a5 45. Be5+ Kc6 46. Bf6 a4 47. b4 Kd6 48. a3 Kc6 49. Ke5 Kd7 50. Bh4 1-0